000 00315nam a22001457a 4500
008 210427b ||||| |||| 00| 0 eng d
020 _a0395527309
041 _aeng
080 _a902
082 _a902
100 _a45
101 _aARK
245 _aAcross the Centuries
_cBeverly J. Armento
942 _2udc
_cBK
999 _c56846
_d56846